[Event "IECG CP.2006.P.00024 email"]
[Site "IECG email"]
[Date "2006.10.01"]
[Round "?"]
[White "Bueyuekaltay, Selcuk"]
[Black "Ottaviani, Mauro"]
[Result "0-1"]
[WhiteElo "1463"]
[BlackElo "1994"]
[PlyCount "48"]
[EventDate "2006.10.01"]
[EventType "tourn (corr)"]
[EventRounds "6"]
[SourceTitle "Corr 2011"]
[Source "ChessBase"]
[SourceDate "2010.08.31"]
[SourceVersion "1"]
[SourceVersionDate "2010.08.31"]
[SourceQuality "1"]

1. e4 e5 2. Nf3 Nc6 3. Bb5 a6 4. Bxc6 dxc6 5. h3 Bd6 6. 0-0 Nf6 7. Nc3 0-0 8. d4 Nd7 9. Qe2 exd4 10. Nxd4 Re8 11. Re1 Qf6 12. Nf3 Ne5 13. Nxe5 Bxe5 14. Bd2 Be6 15. a3 Rad8 16. Rad1 b5 17. Rf1 Bc4 18. Qg4 h5 19. Qxh5 Rxd2 20. Rxd2 Qf4 21. g3 Qxd2 22. Rd1 Qxc2 23. f4 Bxc3 24. bxc3 Be2 0-1

[Event "IECG CP.2006.P.00024 email"]
[Site "IECG email"]
[Date "2006.10.01"]
[Round "?"]
[White "Korchut, Adam"]
[Black "Bueyuekaltay, Selcuk"]
[Result "1-0"]
[WhiteElo "2201"]
[BlackElo "1463"]
[PlyCount "37"]
[EventDate "2006.10.01"]
[EventType "tourn (corr)"]
[EventRounds "6"]
[SourceTitle "Corr 2011"]
[Source "ChessBase"]
[SourceDate "2010.08.31"]
[SourceVersion "1"]
[SourceVersionDate "2010.08.31"]
[SourceQuality "1"]

1. e4 c5 2. Nf3 Nc6 3. d4 cxd4 4. Nxd4 e5 5. Nxc6 bxc6 6. Bc4 Nf6 7. 0-0 d5 8. exd5 cxd5 9. Bb3 Bb7 10. Ba4+ Ke7 11. Nc3 Qb6 12. Re1 e4 13. Bg5 Rd8 14. Qf3 Bc6 15. Rad1 Bxa4 16. Nxd5+ Rxd5 17. Rxd5 Ke6 18. Qf5+ Ke7 19. Qxe4+ 1-0

[Event "IECG QD.2006.0.00093 email"]
[Site "IECG email"]
[Date "2006.07.20"]
[Round "?"]
[White "James, Michael"]
[Black "Bueyuekaltay, Selcuk"]
[Result "1-0"]
[WhiteElo "1485"]
[BlackElo "1463"]
[PlyCount "65"]
[EventDate "2006.07.20"]
[EventType "tourn (corr)"]
[EventRounds "6"]
[SourceTitle "Corr 2011"]
[Source "ChessBase"]
[SourceDate "2010.08.31"]
[SourceVersion "1"]
[SourceVersionDate "2010.08.31"]
[SourceQuality "1"]

1. e4 c5 2. Nc3 Nc6 3. g3 e6 4. Bg2 Nf6 5. Nge2 d5 6. exd5 exd5 7. d4 Be6 8. 0-0 cxd4 9. Nxd4 Nxd4 10. Qxd4 b6 11. Qa4+ Qd7 12. Qxd7+ Kxd7 13. Bg5 Be7 14. Rad1 Rad8 15. Rfe1 Rhe8 16. Nxd5 Bxd5 17. Bxd5 Kc8 18. Bxf7 Rf8 19. Be6+ Kc7 20. Rxd8 Rxd8 21. Bf5 Bc5 22. Bxf6 gxf6 23. Bxh7 Rd2 24. Rf1 Kd6 25. h4 Ke5 26. Bd3 a5 27. h5 Bf8 28. Re1+ Kd5 29. Re8 Rd1+ 30. Kg2 Bc5 31. h6 Rd2 32. h7 Rxf2+ 33. Kh3 1-0

[Event "IECG QD.2006.0.00093 email"]
[Site "IECG email"]
[Date "2006.07.20"]
[Round "?"]
[White "McGuire, Paul"]
[Black "Bueyuekaltay, Selcuk"]
[Result "0-1"]
[WhiteElo "1400"]
[BlackElo "1463"]
[PlyCount "62"]
[EventDate "2006.07.20"]
[EventType "tourn (corr)"]
[EventRounds "6"]
[SourceTitle "Corr 2011"]
[Source "ChessBase"]
[SourceDate "2010.08.31"]
[SourceVersion "1"]
[SourceVersionDate "2010.08.31"]
[SourceQuality "1"]

1. e4 Nf6 2. Nc3 e6 3. d4 Bb4 4. Bd3 c5 5. dxc5 Bxc5 6. Bg5 Nc6 7. Nf3 h6 8. Bxf6 Qxf6 9. 0-0 0-0 10. Re1 Nd4 11. Be2 b6 12. e5 Nxe2+ 13. Qxe2 Qf5 14. Ne4 Bb7 15. Nxc5 bxc5 16. c4 f6 17. Nh4 Qg5 18. Nf3 Bxf3 19. Qxf3 fxe5 20. Qc3 Qf5 21. Re2 Rac8 22. Rf1 d6 23. Re3 Rf6 24. Rf3 Qg6 25. Rg3 Qe4 26. Re1 Qd4 27. Qc2 Rcf8 28. Rf1 d5 29. cxd5 exd5 30. Rd3 Qe4 31. Rg3 Qxc2 0-1

[Event "IECG CD.2006.0.00112 email"]
[Site "IECG email"]
[Date "2006.06.21"]
[Round "1"]
[White "Bueyuekaltay, Selcuk"]
[Black "Millar, Brian W"]
[Result "1/2-1/2"]
[WhiteElo "1463"]
[BlackElo "1520"]
[PlyCount "58"]
[EventDate "2006.06.21"]
[EventType "tourn (corr)"]
[EventRounds "6"]
[SourceTitle "Corr 2008"]
[Source "ChessBase"]
[SourceDate "2008.06.24"]
[SourceVersion "1"]
[SourceVersionDate "2008.06.24"]
[SourceQuality "1"]

1. e4 c5 2. Nf3 d6 3. Nc3 a6 4. h3 b5 5. a3 Bb7 6. d4 cxd4 7. Nxd4 Nf6 8. Bd3 Nbd7 9. 0-0 Nc5 10. b4 Nxd3 11. cxd3 Rc8 12. Bb2 g6 13. Nf3 Bg7 14. Qd2 0-0 15. Rac1 Qd7 16. Rfe1 Rc7 17. Qe2 Nh5 18. Qd2 f5 19. Nd5 Bxd5 20. Bxg7 Rxc1 21. Rxc1 Nxg7 22. exd5 Rc8 23. Qe3 Ne8 24. Rxc8 Qxc8 25. Qxe7 Qc1+ 26. Kh2 Qf4+ 27. Kg1 Qc1+ 28. Kh2 Qf4+ 29. Kg1 Qc1+ 1/2-1/2

[Event "IECG CD.2006.0.00112 email"]
[Site "IECG email"]
[Date "2006.06.21"]
[Round "1"]
[White "Carneiro, Luis Guilherme"]
[Black "Bueyuekaltay, Selcuk"]
[Result "1-0"]
[WhiteElo "1500"]
[BlackElo "1463"]
[PlyCount "45"]
[EventDate "2006.06.21"]
[EventType "tourn (corr)"]
[EventRounds "6"]
[SourceTitle "Corr 2008"]
[Source "ChessBase"]
[SourceDate "2008.06.24"]
[SourceVersion "1"]
[SourceVersionDate "2008.06.24"]
[SourceQuality "1"]

1. d4 e6 2. Nf3 c5 3. e3 d5 4. b3 Nc6 5. Bb2 cxd4 6. exd4 Nf6 7. a3 a6 8. Bd3 Be7 9. 0-0 0-0 10. Nbd2 Qc7 11. Ne5 Bc5 12. Nxc6 Qxc6 13. dxc5 Qxc5 14. Bxf6 gxf6 15. Qg4+ Kh8 16. Qh4 f5 17. Qf6+ Kg8 18. Rae1 Bd7 19. Re3 Rfc8 20. Rg3+ Kf8 21. Bxf5 exf5 22. Re1 Be6 23. Rxe6 1-0

[Event "IECG CD.2006.0.00112 email"]
[Site "IECG email"]
[Date "2006.06.21"]
[Round "1"]
[White "Hadley, Guy"]
[Black "Bueyuekaltay, Selcuk"]
[Result "0-1"]
[WhiteElo "1422"]
[BlackElo "1463"]
[PlyCount "22"]
[EventDate "2006.06.21"]
[EventType "tourn (corr)"]
[EventRounds "6"]
[SourceTitle "Corr 2024"]
[Source "ChessBase"]
[SourceDate "2023.10.19"]
[SourceVersion "1"]
[SourceVersionDate "2023.10.19"]
[SourceQuality "1"]

1. e4 Nf6 2. e5 Nd5 3. d4 e6 4. Nf3 c5 5. c4 Nb6 6. d5 exd5 7. cxd5 d6 8. Bb5+ Bd7 9. Bxd7+ N8xd7 10. e6 fxe6 11. dxe6 Nf6 0-1